Unbroken/ (Record no. 167937)

MARC details
000 -LEADER
fixed length control field 00601nam a22001937a 4500
005 - DATE AND TIME OF LATEST TRANSACTION
control field 20190923170016.0
010 ## - LCCN (DPL NO)
LC control number B-730159
020 ## - INTERNATIONAL STANDARD BOOK NUMBER
Terms of availability 325.00
International Standard Book Number 9789383330819
035 ## - SYSTEM CONTROL NUMBER
System control number B-730159
037 ## - SOURCE OF ACQUISITION
Source of stock number/acquisition Duckbill Books
082 ## - DEWEY DECIMAL CLASSIFICATION NUMBER
Classification number N
100 ## - MAIN ENTRY--PERSONAL NAME
Personal name Nambi, Nandhika
245 ## - TITLE STATEMENT
Title Unbroken/
Statement of responsibility, etc by Nandhika Nambi
260 ## - PUBLICATION, DISTRIBUTION, ETC. (IMPRINT)
Name of publisher, distributor, etc Duckbill Books
Place of publication, distribution, etc Chennai
Date of publication, distribution, etc 2018
270 ## - ADDRESS
City Chennai
Address F2, Oyster Operaa, 35/36 Gangai Street Kalakshetra Colony
Postal code 600090
300 ## - PHYSICAL DESCRIPTION
Extent 176p.:
Dimensions 20cm(pbk)
Other physical details ill.
942 ## - ADDED ENTRY ELEMENTS (KOHA)
Source of classification or shelving scheme Dewey Decimal Classification
Item type Children Books
Call number suffix NAM
Classification part N
Holdings
Withdrawn status Lost status Not for loan Collection code Home library Current library Date acquired Source of acquisition Cost, normal purchase price Full call number Barcode Copy number Cost, replacement price Koha item type
      Fiction Ashok Vihar Ashok Vihar 23/09/2019 Gift /Eng /13.09.2019 325.00 N NAM B-730159 1 325.00 Children Books

© Delhi Public Library
Hit Counter
free hit counter